000 00677cam a22002413a 4500
001 9710
003 PGUSA
005 20140828083215.0
008 060101s2006||||xxu|||||s|||||000 | eng d
040 _aPGUSA
_beng
042 _adc
050 4 _aPZ
050 4 _aPR
100 1 _aDickens, Charles,
_d1812-1870
245 1 0 _aHoliday Romance
_h[electronic resource] /
_cCharles Dickens
260 _bProject Gutenberg,
_c2006
506 _aCopyrighted. Read the copyright notice inside this book for details.
516 _aElectronic text
653 _aShort stories
830 0 _aProject Gutenberg
_v9710
856 4 0 _uhttp://www.gutenberg.org/ebooks/9710
942 _cAB
999 _c238966
_d238966